| 000 | 00394pab a2200157 454500 | ||
|---|---|---|---|
| 008 | 180718b2002 xxu||||| |||| 00| 0 eng d | ||
| 100 | _aGregory, S. | ||
| 245 | _aRestructuring higher education incorporating national service | ||
| 260 | _c2002 | ||
| 300 | _ap.11-12. | ||
| 362 | _a6 May | ||
| 650 | _aEducation | ||
| 650 | _aHigher education | ||
| 773 | _aUniversity News | ||
| 909 | _a52394 | ||
| 999 |
_c52394 _d52394 |
||